আমি জানি তুমি মিথ্যা বলছো : মানুষের কথা বিশ্লষণ করে সত্য-মিথ্যা বের করার পদ্ধতি / (Record no. 74201)
[ view plain ]
| 000 -LEADER | |
|---|---|
| fixed length control field | 00833nam a22002177a 4500 |
| 001 - CONTROL NUMBER | |
| control field | 74201 |
| 003 - CONTROL NUMBER IDENTIFIER | |
| rucl marc code | BD-RjUL |
| 005 - DATE AND TIME OF LATEST TRANSACTION | |
| control field | 20211209082518.0 |
| 008 - FIXED-LENGTH DATA ELEMENTS--GENERAL INFORMATION | |
| fixed length control field | 180325s2017 bg ||||| |||| 000 0 ben d |
| 020 ## - INTERNATIONAL STANDARD BOOK NUMBER | |
| International Standard Book Number | 9789842005022 |
| Terms of availability | Tk.450.00 |
| 035 ## - SYSTEM CONTROL NUMBER | |
| System control number | (BD-RjUL) |
| 040 ## - CATALOGING SOURCE | |
| Original cataloging agency | BD-RjUL |
| Language of cataloging | eng |
| Transcribing agency | BD-RjUL |
| 041 ## - LANGUAGE CODE | |
| Language code of text/sound track or separate title | ben |
| 082 ## - DEWEY DECIMAL CLASSIFICATION NUMBER | |
| Edition number | 23 |
| Classification number | 340 |
| Author mark and year | CHA 2017 |
| 245 10 - TITLE STATEMENT | |
| Title | আমি জানি তুমি মিথ্যা বলছো : মানুষের কথা বিশ্লষণ করে সত্য-মিথ্যা বের করার পদ্ধতি / |
| Statement of responsibility, etc. | তওফিক চৌধুরী |
| 260 ## - PUBLICATION, DISTRIBUTION, ETC. (IMPRINT) | |
| Place of publication, distribution, etc. | ঢাকা : |
| Name of publisher, distributor, etc. | অ্যাডর্ন পাব , |
| Date of publication, distribution, etc. | ২০১৭ |
| 300 ## - PHYSICAL DESCRIPTION | |
| Pagination | ২২৩ পৃ. ; |
| Size | ২২ সেমি. |
| 650 ## - SUBJECT ADDED ENTRY--TOPICAL TERM | |
| Topical term or geographic name as entry element | বিচার |
| 9 (RLIN) | 144187 |
| Topical term or geographic name as entry element | justice |
| 9 (RLIN) | 220746 |
| 942 ## - ADDED ENTRY ELEMENTS (KOHA) | |
| Source of classification or shelving scheme | Dewey Decimal Classification |
| Koha item type | Books |
| Lost status | Source of classification or shelving scheme | Damaged status | Not for loan | Collection code | Permanent Location | Current Location | Shelving location | Date acquired | Source of acquisition | Cost, normal purchase price | Total Checkouts | Full call number | Date last seen | Copy number | Koha item type | Date checked out |
|---|---|---|---|---|---|---|---|---|---|---|---|---|---|---|---|---|
| Dewey Decimal Classification | Not For Loan | Non-fiction | Central Library, University of Rajshahi | Central Library, University of Rajshahi | Reading Room | 23/03/2017 | Rajshahi News Home | 450.00 | B 340 CHA 2017 | 25/03/2018 | C-1 | Books | ||||
| Dewey Decimal Classification | Non-fiction | Central Library, University of Rajshahi | Central Library, University of Rajshahi | 23/03/2017 | Rajshahi News Home | 450.00 | 6 | B 340 CHA 2017 | 04/04/2023 | C-2 | Books | 30/03/2023 | ||||
| Dewey Decimal Classification | Non-fiction | Central Library, University of Rajshahi | Central Library, University of Rajshahi | 23/03/2017 | Rajshahi News Home | 450.00 | 3 | B 340 CHA 2017 | 23/10/2022 | C-3 | Books | 16/10/2022 |